[Event "Getxo op 4th"]
[Site "Getxo"]
[Date "2019.09.15"]
[Round "9"]
[White "Wu Martin, Eneko"]
[Black "Narciso Dublan, Marc"]
[Result "0-1"]
[WhiteElo "1964"]
[BlackElo "2511"]
[PlyCount "62"]
[EventDate "2019.09.08"]
[EventType "swiss"]
[EventRounds "9"]
[EventCountry "ESP"]
[SourceTitle "EXT 2021"]
[Source "ChessBase"]
[SourceDate "2020.10.23"]
[SourceVersion "1"]
[SourceVersionDate "2020.10.23"]
[SourceQuality "1"]

1. e4 c6 2. d4 d5 3. Nc3 dxe4 4. Nxe4 Bf5 5. Ng3 Bg6 6. h4 h6 7. N1e2 e6 8. Nf4 Bh7 9. Bc4 Nf6 10. 0-0 Bd6 11. c3 0-0 12. Re1 Re8 13. Qb3 Qc7 14. Ngh5 Nbd7 15. Bxe6 fxe6 16. Rxe6 Kh8 17. Nxg7 Kxg7 18. Rxe8 Rxe8 19. Ne6+ Kh8 20. Bxh6 Qb6 21. Qxb6 Nxb6 22. Bg7+ Kg8 23. Bxf6 Rxe6 24. Bg5 Na4 25. f4 Re2 26. Rf1 Rxb2 27. Re1 Rb1 28. Rxb1 Bxb1 29. c4 c5 30. dxc5 Nxc5 31. g3 Ne4 0-1

[Event "Getxo op 4th"]
[Site "Getxo"]
[Date "2019.09.13"]
[Round "7"]
[White "Urbieta Gabancho, Koldo"]
[Black "Wu Martin, Eneko"]
[Result "0-1"]
[WhiteElo "1827"]
[BlackElo "1964"]
[PlyCount "45"]
[EventDate "2019.09.08"]
[EventType "swiss"]
[EventRounds "9"]
[EventCountry "ESP"]
[SourceTitle "EXT 2020"]
[Source "ChessBase"]
[SourceDate "2019.10.17"]
[SourceVersion "1"]
[SourceVersionDate "2019.10.17"]
[SourceQuality "1"]

1. e4 e5 2. Nf3 f5 3. Nxe5 Qf6 4. d4 d6 5. Nc4 fxe4 6. Nc3 Qf7 7. f3 exf3 8. Qxf3 Qxf3 9. gxf3 Bf5 10. Ne3 Be6 11. d5 Bf7 12. Bd2 a6 13. 0-0-0 Nd7 14. Rg1 0-0-0 15. Bh3 Ngf6 16. Be1 Kb8 17. Bh4 Re8 18. Nf5 g6 19. Nd4 Bg7 20. f4 Nb6 21. Nde2 Nfxd5 22. Nxd5 Bxd5 23. Rxd5 0-1

[Event "Getxo op 4th"]
[Site "Getxo"]
[Date "2019.09.10"]
[Round "4"]
[White "Wu Martin, Eneko"]
[Black "Reguillaga Elias, Manex"]
[Result "1-0"]
[WhiteElo "1964"]
[BlackElo "1895"]
[PlyCount "71"]
[EventDate "2019.09.08"]
[EventType "swiss"]
[EventRounds "9"]
[EventCountry "ESP"]
[SourceTitle "EXT 2020"]
[Source "ChessBase"]
[SourceDate "2019.10.17"]
[SourceVersion "1"]
[SourceVersionDate "2019.10.17"]
[SourceQuality "1"]

1. e4 e6 2. d4 d5 3. e5 c5 4. c3 Nc6 5. Nf3 Qb6 6. Bd3 Bd7 7. dxc5 Bxc5 8. 0-0 f6 9. Qe2 fxe5 10. Nxe5 Nxe5 11. Qxe5 Nf6 12. c4 Bxf2+ 13. Kh1 Bd4 14. Qe2 0-0-0 15. Nc3 dxc4 16. Bxc4 e5 17. a4 Rhf8 18. a5 Qc5 19. Bg5 Bg4 20. Qd3 Bxc3 21. Qxc3 Ne4 22. Rxf8 Rxf8 23. Be3 Qc6 24. Qb4 Qd6 25. Qe1 Kb8 26. b4 Rc8 27. Rc1 Be6 28. Rd1 Qc6 29. Bd3 Nf6 30. Bc5 e4 31. Bf1 Bd5 32. Qg3+ Ka8 33. Bg1 Rc7 34. Qe3 b6 35. axb6 axb6 36. b5 1-0

[Event "Getxo op 4th"]
[Site "Getxo"]
[Date "2019.09.09"]
[Round "3"]
[White "Martel Bruniaux, Malko"]
[Black "Wu Martin, Eneko"]
[Result "0-1"]
[WhiteElo "1603"]
[BlackElo "1964"]
[PlyCount "60"]
[EventDate "2019.09.08"]
[EventType "swiss"]
[EventRounds "9"]
[EventCountry "ESP"]
[SourceTitle "EXT 2020"]
[Source "ChessBase"]
[SourceDate "2019.10.17"]
[SourceVersion "1"]
[SourceVersionDate "2019.10.17"]
[SourceQuality "1"]

1. d4 Nf6 2. Nf3 b6 3. g3 Bb7 4. Bg2 e6 5. c4 Be7 6. 0-0 0-0 7. d5 exd5 8. Nh4 c6 9. cxd5 Nxd5 10. Nf5 Bc5 11. e4 Ne7 12. Nd4 d5 13. Be3 dxe4 14. Bxe4 Nd5 15. Nc3 Re8 16. Nf5 Na6 17. Qg4 g6 18. Nh6+ Kg7 19. Nf5+ Kh8 20. Bh6 Bf8 21. Bxf8 Rxf8 22. Rad1 Qf6 23. Nd4 Nc5 24. Bg2 Ba6 25. Nxd5 cxd5 26. Bxd5 Rad8 27. Bg2 Bxf1 28. Bxf1 h5 29. Qf4 Qxf4 30. gxf4 Rd6 0-1

[Event "Getxo op 4th"]
[Site "Getxo"]
[Date "2019.09.08"]
[Round "2"]
[White "Wu Martin, Eneko"]
[Black "Grigoryan, Karen H"]
[Result "0-1"]
[WhiteElo "1964"]
[BlackElo "2601"]
[PlyCount "87"]
[EventDate "2019.09.08"]
[EventType "swiss"]
[EventRounds "9"]
[EventCountry "ESP"]
[SourceTitle "EXT 2020"]
[Source "ChessBase"]
[SourceDate "2019.10.17"]
[SourceVersion "1"]
[SourceVersionDate "2019.10.17"]
[SourceQuality "1"]

1. e4 c5 2. d4 cxd4 3. f4 Nc6 4. Nf3 d5 5. e5 Bg4 6. Bd3 e6 7. 0-0 g6 8. a3 h5 9. Nbd2 Nh6 10. Qe1 Bf5 11. b4 Qb6 12. Nb3 Ng4 13. Bb2 Ne3 14. Rf2 Nc4 15. Bxc4 dxc4 16. Nbxd4 Ne7 17. Nxf5 Nxf5 18. Qe4 Rc8 19. Bd4 Nxd4 20. Nxd4 c3 21. Rd1 Be7 22. Kh1 0-0 23. Rf3 Rfd8 24. Rfd3 Rc4 25. h3 h4 26. g4 hxg3 27. h4 Rd5 28. h5 g5 29. h6 Kh8 30. Kg2 Rd8 31. h7 f5 32. Qe3 Rcc8 33. fxg5 Kxh7 34. Rh1+ Kg7 35. Rh6 Rxd4 36. Qxd4 Qc6+ 37. Kxg3 Bxg5 38. Rh5 f4+ 39. Kf2 Kg6 40. Rdh3 Rf8 41. Rh7 Rd8 42. R7h6+ Kf5 43. Rf6+ Bxf6 44. Rh5+ 0-1

[Event "Getxo Semana Santa U2200 op 1st"]
[Site "Getxo"]
[Date "2019.04.27"]
[Round "6"]
[White "Mendez Nunez, Jose Antonio"]
[Black "Wu Martin, Eneko"]
[Result "0-1"]
[WhiteElo "1729"]
[BlackElo "1992"]
[PlyCount "52"]
[EventDate "2019.04.22"]
[EventType "swiss"]
[EventRounds "7"]
[EventCountry "ESP"]
[SourceTitle "EXT 2024"]
[Source "ChessBase"]
[SourceDate "2023.10.10"]
[SourceVersion "1"]
[SourceVersionDate "2023.10.10"]
[SourceQuality "1"]

1. e4 e5 2. f4 exf4 3. Nf3 Ne7 4. d4 Ng6 5. Bc4 Be7 6. 0-0 0-0 7. Nc3 d6 8. Ne2 Be6 9. Bd3 f5 10. c3 Nd7 11. Qc2 fxe4 12. Bxe4 d5 13. Bxg6 hxg6 14. Bxf4 Bf5 15. Qb3 Bd3 16. Qxd5+ Kh8 17. Qe6 Bxe2 18. Bxc7 Qxc7 19. Qxe7 Bxf1 20. Qh4+ Kg8 21. Ng5 Nf6 22. Rxf1 Rae8 23. d5 Qc5+ 24. Kh1 Qxd5 25. h3 Nh5 26. Rxf8+ Rxf8 0-1

[Event "Getxo Semana Santa U2200 op 1st"]
[Site "Getxo"]
[Date "2019.04.25"]
[Round "4"]
[White "Lopez Rementeria, Jordan"]
[Black "Wu Martin, Eneko"]
[Result "0-1"]
[WhiteElo "1635"]
[BlackElo "1992"]
[PlyCount "60"]
[EventDate "2019.04.22"]
[EventType "swiss"]
[EventRounds "7"]
[EventCountry "ESP"]
[SourceTitle "EXT 2024"]
[Source "ChessBase"]
[SourceDate "2023.10.10"]
[SourceVersion "1"]
[SourceVersionDate "2023.10.10"]
[SourceQuality "1"]

1. Nf3 d5 2. c4 e6 3. b3 Nf6 4. Bb2 Be7 5. g3 0-0 6. Bg2 c5 7. cxd5 exd5 8. 0-0 Nc6 9. d4 Re8 10. e3 Bg4 11. h3 Bh5 12. dxc5 Bxc5 13. g4 Bg6 14. a3 h5 15. gxh5 Bxh5 16. Nbd2 Ne4 17. Qc2 Bb6 18. Nxe4 dxe4 19. Qc3 f6 20. Nd2 Rc8 21. Nxe4 Nd4 22. Qb4 Nc2 23. Nxf6+ Qxf6 24. Qb5 Qg6 25. Kh1 Rc5 26. Qd7 Rd8 27. Qxb7 Nxa1 28. Rxa1 Rg5 29. Be4 Qh6 30. Rc1 Bf3+ 0-1

[Event "Getxo op 3rd"]
[Site "Getxo"]
[Date "2018.09.13"]
[Round "7"]
[White "Touzane, Olivier"]
[Black "Wu Martin, Eneko"]
[Result "1-0"]
[WhiteElo "2294"]
[BlackElo "1995"]
[PlyCount "67"]
[EventDate "2018.09.08"]
[EventType "swiss"]
[EventRounds "9"]
[EventCountry "ESP"]
[SourceTitle "EXT 2020"]
[Source "ChessBase"]
[SourceDate "2019.10.17"]
[SourceVersion "1"]
[SourceVersionDate "2019.10.17"]
[SourceQuality "1"]

1. d4 Nf6 2. c4 e5 3. dxe5 Ng4 4. Bf4 Nc6 5. Nf3 Bb4+ 6. Nbd2 Qe7 7. e3 Ngxe5 8. Nxe5 Nxe5 9. Be2 0-0 10. 0-0 Bxd2 11. Qxd2 d6 12. Rac1 a5 13. a3 a4 14. c5 dxc5 15. Bg3 Ng6 16. Qd5 Ra5 17. Rfd1 Re8 18. Rd2 Nf8 19. Rcd1 Ne6 20. Qe4 b6 21. Bh4 f5 22. Qc6 g5 23. Bg3 Ra7 24. Bb5 Rd8 25. Bc4 Rxd2 26. Rxd2 Kg7 27. Be5+ Kg6 28. h3 h5 29. g4 hxg4 30. hxg4 fxg4 31. Qe4+ Kh5 32. f3 Nf4 33. exf4 g3 34. f5 1-0

[Event "Euskadi-chT (Vasca) Div 1st"]
[Site "Bergara"]
[Date "2017.01.21"]
[Round "2.2"]
[White "Wu Martin, Eneko"]
[Black "Lakunza Oyarbide, Juan Carlos"]
[Result "0-1"]
[WhiteElo "2032"]
[BlackElo "2068"]
[PlyCount "34"]
[EventDate "2017.01.14"]
[EventType "team-tourn"]
[EventRounds "9"]
[EventCountry "ESP"]
[SourceTitle "EXT 2024"]
[Source "ChessBase"]
[SourceDate "2023.10.10"]
[SourceVersion "1"]
[SourceVersionDate "2023.10.10"]
[SourceQuality "1"]

1. e4 e5 2. f4 exf4 3. Nf3 h6 4. Bc4 g5 5. 0-0 Bg7 6. d4 Ne7 7. b3 0-0 8. Bb2 Nbc6 9. Nc3 d6 10. Nxg5 Bxd4+ 11. Kh1 hxg5 12. Qh5 Kg7 13. Ne2 Bxb2 14. Nxf4 Ng6 15. Bxf7 Nge5 16. Rf3 Rh8 17. Raf1 gxf4 0-1

[Event "Euskadi-chT (Vasca) Div 1st"]
[Site "Bergara"]
[Date "2017.01.14"]
[Round "1.5"]
[White "Albaina Alvarez, Alvaro Ignacio"]
[Black "Wu Martin, Eneko"]
[Result "1-0"]
[WhiteElo "2054"]
[BlackElo "2032"]
[PlyCount "47"]
[EventDate "2017.01.14"]
[EventType "team-tourn"]
[EventRounds "9"]
[EventCountry "ESP"]
[SourceTitle "EXT 2024"]
[Source "ChessBase"]
[SourceDate "2023.10.10"]
[SourceVersion "1"]
[SourceVersionDate "2023.10.10"]
[SourceQuality "1"]

1. e4 e5 2. Nf3 Nc6 3. Nc3 Nf6 4. Bb5 d6 5. d4 exd4 6. Nxd4 Bd7 7. 0-0 Be7 8. Re1 0-0 9. Bxc6 bxc6 10. Bf4 Re8 11. e5 dxe5 12. Bxe5 Bd6 13. Bg3 Rb8 14. Nb3 Bg4 15. f3 Bf5 16. Bf2 Rxe1+ 17. Qxe1 Bxc2 18. Nd4 Rxb2 19. Qc1 Bxh2+ 20. Kxh2 Qd6+ 21. Kg1 Qb4 22. Nxc2 Qxc3 23. Bd4 Qxc2 24. Qxb2 1-0

[Event "Euskadi-chT (Vasca) Div 1st"]
[Site "Bergara"]
[Date "2014.01.25"]
[Round "3.5"]
[White "Rebole Arbea, Pedro Maria"]
[Black "Wu Martin, Eneko"]
[Result "0-1"]
[WhiteElo "1713"]
[BlackElo "2097"]
[PlyCount "116"]
[EventDate "2014.01.11"]
[EventType "team-tourn"]
[EventRounds "9"]
[EventCountry "ESP"]
[SourceTitle "EXT 2024"]
[Source "ChessBase"]
[SourceDate "2023.10.10"]
[SourceVersion "1"]
[SourceVersionDate "2023.10.10"]
[SourceQuality "1"]

1. e4 e5 2. Nf3 Nc6 3. d4 exd4 4. Nxd4 Nf6 5. Nxc6 bxc6 6. Bd3 d5 7. exd5 cxd5 8. 0-0 Be7 9. Bb5+ Bd7 10. Bxd7+ Qxd7 11. Nd2 0-0 12. b3 Qf5 13. Bb2 Rad8 14. Nf3 Ne4 15. Qd3 Bd6 16. Rad1 c6 17. c4 Qh5 18. cxd5 Ng5 19. h4 Nxf3+ 20. Qxf3 Qxf3 21. gxf3 c5 22. Rfe1 f6 23. Re6 Rfe8 24. Rde1 Kf7 25. Bc3 Rxe6 26. dxe6+ Ke7 27. a3 Bf4 28. Ba5 Rd3 29. Re4 g5 30. hxg5 fxg5 31. Rc4 Rxb3 32. Rxc5 Rxa3 33. Bb4 Rb3 34. Ba5 Kxe6 35. Rc6+ Kd5 36. Rh6 Rb7 37. Kg2 Kc5 38. Bc3 Rf7 39. Ra6 Kb5 40. Ra5+ Kb6 41. Ra2 a6 42. Rb2+ Kc6 43. Ba5 Rb7 44. Rc2+ Kd7 45. Ra2 h5 46. Bc3 Rb6 47. Ra5 Kc7 48. Rf5 Rb5 49. Ba5+ Kd7 50. Rxb5 axb5 51. Bb4 Ke6 52. Kh3 Kd5 53. Kg2 Kc4 54. Be7 b4 55. Kf1 b3 56. Bf6 Kd3 57. Ke1 Bd2+ 58. Kd1 Bc3 0-1

[Event "Euskadi-chT (Vasca) Div 1st"]
[Site "Bergara"]
[Date "2014.01.18"]
[Round "2.3"]
[White "Marchena Hurtado, Ander"]
[Black "Wu Martin, Eneko"]
[Result "1-0"]
[WhiteElo "2045"]
[BlackElo "2097"]
[PlyCount "69"]
[EventDate "2014.01.11"]
[EventType "team-tourn"]
[EventRounds "9"]
[EventCountry "ESP"]
[SourceTitle "EXT 2024"]
[Source "ChessBase"]
[SourceDate "2023.10.10"]
[SourceVersion "1"]
[SourceVersionDate "2023.10.10"]
[SourceQuality "1"]

1. e4 e5 2. Nf3 Nc6 3. Bb5 a6 4. Ba4 Nf6 5. Qe2 b5 6. Bb3 Be7 7. 0-0 0-0 8. c3 d5 9. d3 d4 10. Nbd2 Bg4 11. h3 Bh5 12. Rd1 a5 13. a3 dxc3 14. bxc3 b4 15. Ba4 bxc3 16. Bxc6 cxd2 17. Bxd2 Ra6 18. Bb5 Rb6 19. Bc4 Rb2 20. Qe3 Nd7 21. g4 Bg6 22. Qa7 Bc5 23. Qxa5 Qf6 24. Kg2 Rfb8 25. Qxc7 R2b7 26. Qa5 Rb2 27. Bd5 Bd4 28. Rac1 Nb6 29. Rc6 Qe7 30. Nxd4 exd4 31. Bb4 Qh4 32. Rd2 Rxd2 33. Bxd2 Nd7 34. Qc7 Rd8 35. Ba5 1-0

[Event "Erandio op 21st"]
[Site "Erandio"]
[Date "2012.12.29"]
[Round "7"]
[White "Saez Gabikagogeaskoa, Oscar"]
[Black "Wu Martin, Eneko"]
[Result "0-1"]
[WhiteElo "1974"]
[BlackElo "2087"]
[PlyCount "112"]
[EventDate "2012.12.22"]
[EventType "swiss"]
[EventRounds "9"]
[EventCountry "ESP"]
[SourceTitle "CBM 152 Extra"]
[Source "ChessBase"]
[SourceDate "2013.02.25"]
[SourceVersion "1"]
[SourceVersionDate "2013.02.25"]
[SourceQuality "1"]

1. e4 e5 2. Nf3 f5 3. Nxe5 Qf6 4. d4 d6 5. Nc4 fxe4 6. Nc3 Qf7 7. Be2 Nf6 8. 0-0 Be6 9. b3 Nbd7 10. Na5 Rb8 11. f3 exf3 12. Bxf3 d5 13. a3 Bd6 14. Nb5 0-0 15. Nxd6 cxd6 16. Qe2 Ne4 17. Bb2 Qg6 18. Rfe1 Ndf6 19. c4 Ng5 20. Kh1 Nfe4 21. Bh5 Qh6 22. cxd5 Bg4 23. Bxg4 Ng3+ 24. Kg1 Nxe2+ 25. Rxe2 Qf6 26. Rae1 Qf4 27. Be6+ Kh8 28. Nc4 Nxe6 29. dxe6 Rbe8 30. d5 Re7 31. Ne3 Qe4 32. h3 h5 33. Bc3 b5 34. Bb4 Qe5 35. Rc2 Rf4 36. Bc3 Qg5 37. Bb4 Re4 38. Rce2 Rxe3 39. Rxe3 Qxd5 40. Kh2 Kg8 41. Kh1 g5 42. Kh2 Kf8 43. Kh1 Ke8 44. R1e2 Qd1+ 45. Kh2 Qd4 46. Rf3 Rc7 47. Ref2 Qe5+ 48. g3 Qxe6 49. Bd2 Kd7 50. Bxg5 Kc8 51. Rf6 Qxb3 52. Bf4 Rc2 53. Bxd6 a5 54. h4 b4 55. axb4 axb4 56. Kg2 Rxf2+ 0-1

[Event "Euskadi-chT (Vasca) Div 1st"]
[Site "Euskadi"]
[Date "2010.02.13"]
[Round "1.3"]
[White "Wu Martin, Eneko"]
[Black "Ros Eskisabel, Jose Ramon"]
[Result "0-1"]
[WhiteElo "2107"]
[BlackElo "2143"]
[PlyCount "102"]
[EventDate "2010.01.09"]
[EventType "team-tourn"]
[EventRounds "9"]
[EventCountry "ESP"]
[SourceTitle "EXT 2024"]
[Source "ChessBase"]
[SourceDate "2023.10.10"]
[SourceVersion "1"]
[SourceVersionDate "2023.10.10"]
[SourceQuality "1"]

1. e4 e5 2. Nf3 Nc6 3. Bb5 f5 4. Bxc6 dxc6 5. Nxe5 Nf6 6. d4 fxe4 7. Bg5 Bf5 8. 0-0 Bd6 9. Nc4 Be7 10. Re1 0-0 11. Ne3 Bg6 12. c3 Kh8 13. Nd2 Qe8 14. b4 a5 15. a3 Nd5 16. Bxe7 Qxe7 17. Qc2 Nf4 18. Ndc4 Nd3 19. Rf1 axb4 20. axb4 Rxa1 21. Rxa1 Rxf2 22. Qxf2 Nxf2 23. Ra8+ Be8 24. Kxf2 g6 25. Ne5 Kg7 26. Rb8 b6 27. Rb7 Bf7 28. Ke2 c5 29. bxc5 bxc5 30. Nxf7 Qxf7 31. d5 Qd7 32. c4 h5 33. h3 Kf6 34. Ra7 Qd6 35. Ra8 Qb6 36. Ra2 Ke5 37. Rd2 Qb3 38. g3 h4 39. g4 Kf4 40. Ng2+ Kg3 41. Ne3 Kxh3 42. Kf2 Qc3 43. Re2 Qf6+ 44. Kg1 Qa1+ 45. Kf2 Qh1 46. g5 Qh2+ 47. Ke1 Qg3+ 48. Kd1 Qxg5 49. Nf1 Qe5 50. Ke1 Qc3+ 51. Kd1 Qa1+ 0-1

[Event "Erandio op"]
[Site "Erandio"]
[Date "2005.12.23"]
[Round "9"]
[White "Ibarretxe Campo, Lander"]
[Black "Wu Martin, Eneko"]
[Result "1/2-1/2"]
[WhiteElo "2116"]
[BlackElo "2056"]
[PlyCount "114"]
[EventDate "2005.12.16"]
[EventType "swiss"]
[EventRounds "9"]
[EventCountry "ESP"]
[SourceTitle "CBM 109 Extra"]
[Source "ChessBase"]
[SourceDate "2006.01.03"]
[SourceVersion "2"]
[SourceVersionDate "2006.01.03"]
[SourceQuality "1"]

1. d4 Nf6 2. Nf3 b6 3. c4 Bb7 4. Nc3 e6 5. a3 d5 6. cxd5 Nxd5 7. e3 Be7 8. Bd3 Nd7 9. Qc2 c5 10. Bxh7 cxd4 11. exd4 Rc8 12. Bd3 Nxc3 13. bxc3 Qc7 14. Bb2 Bxf3 15. gxf3 Rxh2 16. 0-0-0 Bf6 17. Ba6 Qf4+ 18. Kb1 Rc7 19. Rxh2 Qxh2 20. Qe4 Qh4 21. Qa8+ Bd8 22. f4 Qxf4 23. Rh1 Qf5+ 24. Ka1 Qd5 25. Rh8+ Nf8 26. Bb5+ Ke7 27. Qxd5 exd5 28. a4 Ne6 29. c4 dxc4 30. d5 c3 31. Ba3+ Nc5 32. d6+ Kxd6 33. Rxd8+ Ke6 34. Bxc5 Rxc5 35. Kb1 Rg5 36. Kc2 Rg2 37. Kxc3 Rxf2 38. Ra8 g5 39. Rxa7 f5 40. Kd4 g4 41. Rg7 Rf4+ 42. Ke3 Rb4 43. Rg6+ Ke5 44. Rxb6 Rb3+ 45. Kf2 f4 46. Re6+ Kf5 47. Re8 Rb2+ 48. Re2 g3+ 49. Kf1 Rb3 50. Bd7+ Kg5 51. Re5+ Kh4 52. Rf5 f3 53. Rf4+ Kh5 54. Bg4+ Kg5 55. Rxf3 Rb1+ 56. Kg2 Kxg4 57. Rxg3+ Kf4 1/2-1/2

[Event "Erandio op"]
[Site "Erandio"]
[Date "2005.12.20"]
[Round "6"]
[White "Galarza Bilbao, Xabier"]
[Black "Wu Martin, Eneko"]
[Result "1-0"]
[WhiteElo "2135"]
[BlackElo "2056"]
[PlyCount "67"]
[EventDate "2005.12.16"]
[EventType "swiss"]
[EventRounds "9"]
[EventCountry "ESP"]
[SourceTitle "CBM 109 Extra"]
[Source "ChessBase"]
[SourceDate "2006.01.03"]
[SourceVersion "2"]
[SourceVersionDate "2006.01.03"]
[SourceQuality "1"]

1. d4 Nf6 2. c4 e5 3. dxe5 Ng4 4. Bf4 Nc6 5. Nf3 Bb4+ 6. Nbd2 Qe7 7. a3 Ngxe5 8. Nxe5 Nxe5 9. e3 Bxd2+ 10. Qxd2 d6 11. Be2 0-0 12. 0-0 b6 13. Rfd1 Bb7 14. b4 a5 15. Bg3 Qf6 16. Rac1 Rfe8 17. c5 axb4 18. axb4 dxc5 19. bxc5 b5 20. Bxb5 Nf3+ 21. gxf3 Red8 22. Qc2 Bxf3 23. Be2 Bc6 24. Bxc7 Qg5+ 25. Bg3 h5 26. h4 Qf6 27. Rd6 Rxd6 28. cxd6 Bd5 29. e4 Be6 30. Qc3 Qg6 31. Qe5 Ra2 32. Bxh5 Qh6 33. Qg5 Qh8 34. Qd8+ 1-0